00590pab a2200181 454500008004000000100001800040245008000058260000900138300001500147362000800162650002600170650001800196700001600214773004300230909001100273999001900284952010500303180718b2015 xxu||||| |||| 00| 0 eng d aPande, Sanjay aGeneral individual values of Indian government servants: what lies beneath? c2015 ap.438-451. aJan aCivil service - India aCivil service aJain, Neetu aIndian Journal of Industrial Relations a108791 c108786d108786 00104070aIIPAbIIPAd2018-07-19hVolume no: 50, Issue no: 3pAR109251r2018-07-19w2018-07-19yAR